Statistics for College Football National Champions

Click here to take the quiz!

General Stats

  • This quiz has been taken 7,674 times
    (3,463 since last reset)
  • The average score is 149 of 183

Answer Stats

HintAnswer% Correct
| 1925 | 1926 | +10 othersAlabama
99%
1996 | 2006 | 2008Florida
95%
| 1963 | 1969 | 2005Texas
94%
| 1901 | 1902 | +5 othersMichigan
93%
| 1942 | 1954 | +3 othersOhio State
93%
1993 | 1999 | 2013Florida State
92%
1980Georgia
91%
| 1958 | 2003 | 2007LSU
90%
| 1931 | 1932 | +4 othersUSC
90%
1950 | 1955 | 1956 | +4 othersOklahoma
88%
1957 | 2010Auburn
86%
1875 | 1890 | 1898 | +5 othersHarvard
86%
| 1874 | 1876 | +14 othersYale
86%
1981Clemson
85%
1983 | 1987 | 1989 | +2 othersMiami (FL)
84%
1895 | 1897 | 1904 | 1908Pennsylvania
84%
| 1924 | 1929 | +9 othersNotre Dame
83%
| 1970 | 1971 | +2 othersNebraska
82%
| 1952Michigan State
81%
UCLA
81%
1951 | 1998Tennessee
78%
Washington
78%
| 1982 | 1986Penn State
76%
| 1869 | 1870 | +11 othersPrinceton
76%
1990Colorado
68%
| 1917 | 1928Georgia Tech
68%
1934 | 1935 | 1936 | +3 othersMinnesota
68%
Ole MIss
67%
| 1939Texas A&M
67%
1920 | 1921 | 1922California
65%
1914 | 1944 | 1945Army
63%
Arkansas
62%
1984BYU
62%
| 1916 | 1937 | 1976Pittsburgh
62%
Iowa
61%
Stanford
61%
1959Syracuse
56%
1938TCU
55%
| 1923 | 1927Illinois
54%
1953Maryland
54%
| 1915Cornell
46%
1905Chicago
28%
Lafayette
17%

Score Distribution

Percentile by Number Answered

Percent of People with Each Score

Your Score History

You have not taken this quiz since the last reset